LEADER 01412nam a2200277 i 4500 001 000000110425 003 CaOOAMICUS 005 20080307114506.0 008 080307s2007 vc u101 u ita d 020 $z978-88-401-4023-0* 040 $aPUU$bita$dmcm$dPUL$dLDB 110 2 $aAssociazione Italiana Catecheti.$0(OLS)http://pul/name/67666 245 13$aLa catechesi: eco della parola e interprete di speranza :$beducazione alla fede e questione ermeneutica /$ca cura di Pio Zuppa. 260 $aCittą del Vaticano :$bUrbaniana University Press,$cc2007. 300 $a198 p. ;$c24 cm. 500 $aIn testa al front.: Associazione italiana catecheti, AICa. 500 $aAtti del convegno annuale dell'Associazione italiana catecheti. 504 $aBibliografia (p. [181]-195) e indice. 650 14$aCatechesi$zItalia$xCongressi.$0(OLS)http://pul/subject/34127 700 1 $aZuppa, Pio.$0(OLS)http://pul/name/67667 850 $aPUL 852 $aPUL$W1$xSL Religione 3$y85$m268 ZUPPI 1$j126500$qDDC 21$B125225$CPULBib$Z2$F125225 $H105686 $82 941 1 $a9 996 $6020$z978-88-401-4023-0*$9(OLS)http://pul/number/137443 996 $6245$aLa catechesi: eco della parola e interprete di speranza :$beducazione alla fede e questione ermeneutica$9(OLS)http://pul/title/138846 996 $6260$aCittą del Vaticano :$bUrbaniana University Press$9(OLS)http://pul/publisher/66922 LEADER 01695nam a2200325 u 4500 001 000000014259 003 CaOOAMICUS 005 20070226105738.0 008 940517s1982 it u000 u ita u 035 $a10338631 040 $aIAR$bita 111 2 $aSettimana Biblica$n(26 :$d1980 :$cRoma).$0(OLS)http://pul/name/13258 245 10$aGerusalemme : /$cscritti di Maurizio Borrmans ... [et al.]. 246 35$aGerusalemme :$batti della XXVI Settimana Biblica in onore di Carlo Maria Martini 260 $aBrescia :$bPaideia,$c1982. 300 $axxiv, 300 p. ;$c24 cm 500 $aIn testa al front.: Atti della XXVI Settimana biblica, Associazione biblica italiana. Martini. 600 14$aMartini, Carlo Maria,$ccard., arciv. di Milano,$d1927-2012.$0(OLS)http://pul/subject/10040 651 4$aGerusalemme$xCongressi.$0(OLS)http://pul/subject/10041 700 1 $aMartini, Carlo Maria,$ccardinale, arcivescovo di Milano,$d1927-2012.$0(OLS)http://pul/name/6653 700 1 $aBorrmans, Maurice.$0(OLS)http://pul/name/13259 710 2 $aAssociazione biblica italiana.$0(OLS)http://pul/name/5240 850 $aPUL 852 $aPUL$W1$xSL Religione 1$y3$m10 O 26$j20039$nBK-PRI$b $qStampati$B20039$CPULBib$Z2$F20039 $H $81 852 $aPUL$W1$xDP1 Fondo Bordoni$y120$m3 D 85$j172396$qFondi$B174078$CPULBib$Z2$F174078 $HBor838 $81 941 1 $a1 941 1 $a8 996 $6245$aGerusalemme :$9(OLS)http://pul/title/20532 996 $6246$aGerusalemme :$batti della XXVI Settimana Biblica in onore di Carlo Maria Martini$9(OLS)http://pul/title/20533 996 $6260$aBrescia :$bPaideia$9(OLS)http://pul/publisher/47884